শূন্য শক্তি শব্দ সৃষ্টি মানব কৃষ্টি / (Record no. 40534)
[ view plain ]
| 000 -LEADER | |
|---|---|
| fixed length control field | 00866nam a2200241 a 4500 |
| 001 - CONTROL NUMBER | |
| control field | 40534 |
| 003 - CONTROL NUMBER IDENTIFIER | |
| rucl marc code | BD-RjUL |
| 005 - DATE AND TIME OF LATEST TRANSACTION | |
| control field | 20211209053233.0 |
| 008 - FIXED-LENGTH DATA ELEMENTS--GENERAL INFORMATION | |
| fixed length control field | 160503s1978 bg ||||| |||| 00| 0 ben d |
| 020 ## - INTERNATIONAL STANDARD BOOK NUMBER | |
| Terms of availability | : 10.00 |
| 035 ## - SYSTEM CONTROL NUMBER | |
| System control number | (BD-RjUL)40649 |
| 040 ## - CATALOGING SOURCE | |
| Original cataloging agency | BD-RjUL |
| Language of cataloging | ben |
| Transcribing agency | BD-RjUL |
| 041 ## - LANGUAGE CODE | |
| Language code of text/sound track or separate title | ben |
| 082 ## - DEWEY DECIMAL CLASSIFICATION NUMBER | |
| Edition number | 23 |
| Classification number | 110 |
| Author mark and year | WAS 1978 |
| 100 ## - MAIN ENTRY--PERSONAL NAME | |
| Personal name | ওয়ালী, মাহতাব উদ্দীন |
| 9 (RLIN) | 124803 |
| 245 10 - TITLE STATEMENT | |
| Title | শূন্য শক্তি শব্দ সৃষ্টি মানব কৃষ্টি / |
| Statement of responsibility, etc. | মাহতাব উদ্দীন ওয়ালী |
| 250 ## - EDITION STATEMENT | |
| Edition statement | ১ম সং. |
| 260 ## - PUBLICATION, DISTRIBUTION, ETC. (IMPRINT) | |
| Place of publication, distribution, etc. | কুস্টিয়া : |
| Name of publisher, distributor, etc. | লেখক, |
| Date of publication, distribution, etc. | ১৯৭৮ |
| 300 ## - PHYSICAL DESCRIPTION | |
| Pagination | [১০], ১৫০,৬ পৃ. ; |
| Size | ২১ সেমি. |
| 650 ## - SUBJECT ADDED ENTRY--TOPICAL TERM | |
| Topical term or geographic name as entry element | Metaphysics |
| 9 (RLIN) | 120435 |
| Topical term or geographic name as entry element | অধিবিদ্যা |
| 9 (RLIN) | 120434 |
| 942 ## - ADDED ENTRY ELEMENTS (KOHA) | |
| Source of classification or shelving scheme | Dewey Decimal Classification |
| Koha item type | Books |
| Lost status | Source of classification or shelving scheme | Damaged status | Not for loan | Collection code | Permanent Location | Current Location | Shelving location | Date acquired | Source of acquisition | Cost, normal purchase price | Total Checkouts | Full call number | Date last seen | Copy number | Koha item type |
|---|---|---|---|---|---|---|---|---|---|---|---|---|---|---|---|
| Dewey Decimal Classification | Non-fiction | Central Library, University of Rajshahi | Central Library, University of Rajshahi | 13/05/1980 | Author | 10.00 | B 110 WAS 1978 | 03/05/2016 | C-2 | Books |